Statystyki dla Linie lotnicze na lotnisku Chopina w Warszawie

Kliknij tutaj aby rozwiązać quiz!

Ogólne statystyki

  • Ten quiz został rozwiązany 376 razy
    (192 od ostatniego zresetowania)
  • Średni wynik to 14 z 31

Statystyki odpowiedzi

Linia Lotnicza% Poprawnych
LOT
99%
WizzAir
90%
Ryanair
86%
Ryanair Sun
86%
Emirates
78%
Lufthansa
78%
Air France
73%
British Airways
70%
Qatar Airways
65%
Turkish Airlines
64%
EnterAir
62%
KLM
62%
SAS
55%
Norwegian Air
54%
Swiss
53%
Finnair
47%
Smartwings
39%
TAP Air Portugal
38%
Air China
34%
Brussels Airlines
29%
Aegean Airlines
23%
Austrian Airlines
22%
FlyDubai
22%
Pegasus Airlines
22%
SunExpress
14%
Play
12%
Sky Express
10%
Nouvelair
7%
Corendon Airlines
3%
Freebird
3%
FlyEgypt
2%

Rozkład punktacji

Percentyl według liczby udzielonych odpowiedzi

Procent ludzi z każdym wynikiem

Twoja historia wyników

Nie rozwiązałeś tego quizu od ostatniego zresetowania